| 000 | 00610nam a2200181 i 4500 | ||
|---|---|---|---|
| 001 | 134559 | ||
| 003 | ES-MaACL | ||
| 005 | 20251010161538.0 | ||
| 007 | t| | ||
| 008 | 070911s1954 sp ||||1| spa d | ||
| 100 | 1 |
_aYanes Carrillo, Armando. _9117552 |
|
| 245 | 1 | 0 |
_aNarraciones que parecen cuento / _cArmando Yanes Carrillo ; prólogo de José Pérez Vidal. |
| 260 |
_aSanta Cruz de la Palma : _b[s.n.], _c1954 ( _eSanta Cruz de Tenerife : _fGoya) |
||
| 300 |
_a252 p. ; _c20 cm. |
||
| 700 | 1 |
_aPérez Vidal, José, _d1907-1990 _9160934 |
|
| 852 |
_aES-MaACL _jC-8401 _bR.35914 |
||
| 999 |
_c134559 _d134559 |
||